000
00280nam a2200121Ia 4500
008
191201s2016 xx 000 0 und d
100
_a
RAGHUNATH,H.M.
245
0
_a
Ground Water
260
_a
N. delhi
_b
New Age
_c
2016
300
_a
503
650
_a
B.Tech(CE)
942
_2
ddc
_c
BK
_0
4
999
_c
6501
_d
6501